[Event "Campeonato de España Rapid 2017"]
[Site "Linares"]
[Date "2017.08.13"]
[Round "9"]
[White "Llobell Cortell, Enrique"]
[Black "Sanchez Jimenez, Juan Carlos"]
[Result "1-0"]
[Board "21"]
[WhiteTitle "IM"]
[WhiteElo "2410"]
[WhiteCountry "ESP"]
[WhiteFideId "2216116"]
[WhiteEloChange "2"]
[BlackTitle "FM"]
[BlackElo "2217"]
[BlackCountry "ESP"]
[BlackFideId "2206331"]
[BlackEloChange "-5"]

1. e4 {[%clk 0:15:05]} e6 {[%clk 0:14:50]} 2. d4 {[%clk 0:15:08]} d5 {[%clk
0:14:53]} 3. Nd2 {[%clk 0:15:12]} Nf6 {[%clk 0:14:54]} 4. e5 {[%clk 0:15:16]}
Nfd7 {[%clk 0:14:55]} 5. f4 {[%clk 0:15:21]} c5 {[%clk 0:14:55]} 6. c3 {[%clk
0:15:25]} Nc6 {[%clk 0:14:54]} 7. Ndf3 {[%clk 0:15:29]} Qb6 {[%clk 0:14:39]} 8.
a3 {[%clk 0:15:33]} cxd4 {[%clk 0:14:32]} 9. cxd4 {[%clk 0:15:33]} Be7 {[%clk
0:14:19]} 10. b4 {[%clk 0:15:36]} a6 {[%clk 0:14:21]} 11. h4 {[%clk 0:13:46]} Qc7
{[%clk 0:14:23]} 12. Bd3 {[%clk 0:13:41]} b5 {[%clk 0:14:26]} 13. Ne2 {[%clk
0:12:20]} Nb6 {[%clk 0:14:20]} 14. h5 {[%clk 0:12:10]} h6 {[%clk 0:12:38]} 15.
O-O {[%clk 0:12:03]} Nc4 {[%clk 0:12:37]} 16. Qe1 {[%clk 0:11:44]} a5 {[%clk
0:12:02]} 17. bxa5 {[%clk 0:09:22]} N6xa5 {[%clk 0:11:27]} 18. Rb1 {[%clk
0:09:22]} Bxa3 {[%clk 0:11:02]} 19. Qg3 {[%clk 0:08:19]} Bxc1 {[%clk 0:10:43]}
20. Rfxc1 {[%clk 0:08:04]} O-O {[%clk 0:10:34]} 21. Rxb5 {[%clk 0:07:35]} Ba6
{[%clk 0:10:28]} 22. f5 {[%clk 0:06:55]} Kh8 {[%clk 0:06:05]} 23. f6 {[%clk
0:03:23]} Rg8 {[%clk 0:06:06]} 24. Nh4 {[%clk 0:00:15]} gxf6 {[%clk 0:04:35]} 25.
Qf4 {[%clk 0:00:13]} Rg5 {[%clk 0:03:35]} 26. Qxf6+ {[%clk 0:00:15]} Kg8 {[%clk
0:03:37]} 27. Qxh6 {[%clk 0:00:12]} Rg7 {[%clk 0:03:40]} 28. Rc5 {[%clk 0:00:08]}
Qe7 {[%clk 0:03:44]} 29. Nf3 {[%clk 0:00:07]} Nb3 {[%clk 0:03:45]} 30. Rf1 {[%clk
0:00:10]} Nxc5 {[%clk 0:03:47]} 31. dxc5 {[%clk 0:00:14]} Qxc5+ {[%clk 0:03:50]}
32. Kh2 {[%clk 0:00:17]} Qe3 {[%clk 0:03:53]} 33. Nf4 {[%clk 0:00:05]} Nxe5
{[%clk 0:03:50]} 34. Nxe5 {[%clk 0:00:08]} Qxe5 {[%clk 0:03:48]} 35. Bxa6 {[%clk
0:00:06]} Rxa6 {[%clk 0:03:49]} 36. Rc1 {[%clk 0:00:06]} Ra2 {[%clk 0:03:53]} 37.
Rc8# {[%clk 0:00:09]} 1-0

[Event "Campeonato de España Rapid 2017"]
[Site "Linares"]
[Date "2017.08.13"]
[Round "9"]
[White "Teran Alvarez, Ismael"]
[Black "Domingo Nunez, Ruben"]
[Result "0-1"]
[Board "23"]
[WhiteTitle "IM"]
[WhiteElo "2397"]
[WhiteCountry "ESP"]
[WhiteFideId "2204177"]
[WhiteEloChange "-17"]
[BlackTitle "FM"]
[BlackElo "2116"]
[BlackCountry "ESP"]
[BlackFideId "22245570"]
[BlackEloChange "17"]

1. e4 {[%clk 0:15:06]} e6 {[%clk 0:15:05]} 2. d4 {[%clk 0:15:09]} d5 {[%clk
0:15:08]} 3. Nc3 {[%clk 0:15:12]} Bb4 {[%clk 0:15:08]} 4. e5 {[%clk 0:15:15]} c5
{[%clk 0:15:10]} 5. a3 {[%clk 0:15:13]} Bxc3+ {[%clk 0:15:11]} 6. bxc3 {[%clk
0:15:16]} Qa5 {[%clk 0:15:10]} 7. Bd2 {[%clk 0:15:16]} Qa4 {[%clk 0:15:13]} 8.
Qb1 {[%clk 0:15:11]} c4 {[%clk 0:15:16]} 9. h4 {[%clk 0:14:52]} Nc6 {[%clk
0:15:13]} 10. h5 {[%clk 0:14:52]} h6 {[%clk 0:15:16]} 11. f4 {[%clk 0:14:46]}
Nge7 {[%clk 0:14:51]} 12. Nf3 {[%clk 0:14:48]} Bd7 {[%clk 0:14:50]} 13. Qb2
{[%clk 0:14:27]} O-O-O {[%clk 0:14:03]} 14. Rb1 {[%clk 0:14:29]} b6 {[%clk
0:13:59]} 15. g4 {[%clk 0:13:54]} f6 {[%clk 0:11:43]} 16. Be3 {[%clk 0:12:33]}
Rdf8 {[%clk 0:10:59]} 17. Nh4 {[%clk 0:12:02]} Be8 {[%clk 0:10:49]} 18. Kd2
{[%clk 0:11:44]} fxe5 {[%clk 0:09:24]} 19. fxe5 {[%clk 0:11:48]} g5 {[%clk
0:08:06]} 20. Ng2 {[%clk 0:10:52]} Rf3 {[%clk 0:07:06]} 21. Be2 {[%clk 0:10:36]}
Rg3 {[%clk 0:07:08]} 22. Rh2 {[%clk 0:08:19]} Rf8 {[%clk 0:06:36]} 23. Qc1 {[%clk
0:07:38]} Qa5 {[%clk 0:05:45]} 24. Qe1 {[%clk 0:06:36]} Rxe3 {[%clk 0:05:36]} 25.
Kxe3 {[%clk 0:06:39]} Qxa3 {[%clk 0:05:10]} 26. Ra1 {[%clk 0:05:53]} Qb2 {[%clk
0:05:11]} 27. Kd2 {[%clk 0:02:48]} Nxd4 {[%clk 0:04:57]} 28. Ne3 {[%clk 0:02:51]}
Nb3+ {[%clk 0:04:57]} 0-1

[Event "Campeonato de España Rapid 2017"]
[Site "Linares"]
[Date "2017.08.13"]
[Round "9"]
[White "Gonzalez Diez, Ruben"]
[Black "Ladron De Guevara Pinto, Paolo"]
[Result "0-1"]
[Board "24"]
[WhiteElo "2085"]
[WhiteCountry "ESP"]
[WhiteFideId "2251213"]
[WhiteEloChange "-3"]
[BlackTitle "FM"]
[BlackElo "2368"]
[BlackCountry "ESP"]
[BlackFideId "2290847"]
[BlackEloChange "3"]

1. e3 {[%clk 0:14:59]} e5 {[%clk 0:15:05]} 2. d4 {[%clk 0:15:02]} exd4 {[%clk
0:14:48]} 3. exd4 {[%clk 0:15:05]} d5 {[%clk 0:14:46]} 4. Bd3 {[%clk 0:15:07]}
Nc6 {[%clk 0:14:47]} 5. Ne2 {[%clk 0:15:10]} Nf6 {[%clk 0:14:34]} 6. f3 {[%clk
0:14:50]} Bd6 {[%clk 0:14:29]} 7. Nbc3 {[%clk 0:14:37]} O-O {[%clk 0:14:23]} 8.
Bg5 {[%clk 0:14:25]} h6 {[%clk 0:14:02]} 9. Bh4 {[%clk 0:13:43]} Be7 {[%clk
0:14:03]} 10. Qd2 {[%clk 0:13:08]} Nb4 {[%clk 0:13:51]} 11. O-O-O {[%clk
0:11:28]} c6 {[%clk 0:13:05]} 12. g4 {[%clk 0:10:59]} Nxd3+ {[%clk 0:12:45]} 13.
Qxd3 {[%clk 0:11:01]} Nh7 {[%clk 0:12:36]} 14. Bxe7 {[%clk 0:10:51]} Qxe7 {[%clk
0:12:39]} 15. h4 {[%clk 0:10:43]} Bd7 {[%clk 0:12:17]} 16. Nf4 {[%clk 0:10:08]}
Rae8 {[%clk 0:12:11]} 17. Rdf1 {[%clk 0:08:31]} Qe3+ {[%clk 0:11:59]} 18. Qxe3
{[%clk 0:08:33]} Rxe3 {[%clk 0:12:01]} 19. Kd2 {[%clk 0:08:21]} Rfe8 {[%clk
0:12:04]} 20. Nd3 {[%clk 0:08:24]} f6 {[%clk 0:12:02]} 21. Ne5 {[%clk 0:07:01]}
R3xe5 {[%clk 0:11:30]} 22. dxe5 {[%clk 0:07:04]} fxe5 {[%clk 0:11:29]} 23. b4
{[%clk 0:06:57]} Nf8 {[%clk 0:11:16]} 24. a4 {[%clk 0:05:46]} Ng6 {[%clk
0:10:46]} 25. Ne2 {[%clk 0:05:37]} Kf7 {[%clk 0:10:04]} 26. c3 {[%clk 0:05:38]}
a5 {[%clk 0:08:40]} 27. h5 {[%clk 0:04:57]} Nf8 {[%clk 0:08:39]} 28. Rhg1 {[%clk
0:04:45]} Ra8 {[%clk 0:08:41]} 29. f4 {[%clk 0:04:30]} axb4 {[%clk 0:07:43]} 30.
fxe5+ {[%clk 0:04:25]} Ke7 {[%clk 0:07:47]} 31. g5 {[%clk 0:03:47]} hxg5 {[%clk
0:07:43]} 32. Ra1 {[%clk 0:02:50]} bxc3+ {[%clk 0:07:40]} 33. Kxc3 {[%clk
0:02:53]} g4 {[%clk 0:07:36]} 34. Nd4 {[%clk 0:02:35]} c5 {[%clk 0:07:37]} 35.
Nb5 {[%clk 0:02:38]} Ne6 {[%clk 0:07:10]} 36. Rh1 {[%clk 0:02:28]} b6 {[%clk
0:05:55]} 37. Kb2 {[%clk 0:01:33]} Rh8 {[%clk 0:05:24]} 38. Nd6 {[%clk 0:01:15]}
Nf4 {[%clk 0:04:56]} 39. a5 {[%clk 0:00:49]} bxa5 {[%clk 0:04:36]} 40. Rxa5
{[%clk 0:00:48]} g3 {[%clk 0:04:40]} 41. Rg1 {[%clk 0:00:24]} g2 {[%clk 0:04:36]}
42. Ra7 {[%clk 0:00:08]} Rxh5 {[%clk 0:04:33]} 43. Nb7 {[%clk 0:00:08]} 0-1

[Event "Campeonato de España Rapid 2017"]
[Site "Linares"]
[Date "2017.08.13"]
[Round "9"]
[White "Delgado Alarcon, Jesus Francisco"]
[Black "Perez Manas, Benjamin"]
[Result "0-1"]
[Board "25"]
[WhiteElo "2055"]
[WhiteCountry "ESP"]
[WhiteFideId "2272369"]
[WhiteEloChange "-3"]
[BlackTitle "FM"]
[BlackElo "2331"]
[BlackCountry "ESP"]
[BlackFideId "22200169"]
[BlackEloChange "3"]

1. d4 {[%clk 0:15:07]} f5 {[%clk 0:15:06]} 2. c3 {[%clk 0:15:09]} Nf6 {[%clk
0:15:06]} 3. e3 {[%clk 0:15:13]} e6 {[%clk 0:15:07]} 4. f4 {[%clk 0:15:17]} b6
{[%clk 0:15:11]} 5. Be2 {[%clk 0:15:05]} Bb7 {[%clk 0:15:01]} 6. Bf3 {[%clk
0:15:09]} Qc8 {[%clk 0:14:13]} 7. Nd2 {[%clk 0:14:52]} Be7 {[%clk 0:14:10]} 8.
Ne2 {[%clk 0:14:44]} O-O {[%clk 0:13:51]} 9. Ng3 {[%clk 0:14:35]} Bxf3 {[%clk
0:13:34]} 10. Qxf3 {[%clk 0:14:20]} d5 {[%clk 0:13:35]} 11. O-O {[%clk 0:14:01]}
c5 {[%clk 0:13:34]} 12. b3 {[%clk 0:13:43]} cxd4 {[%clk 0:11:50]} 13. exd4 {[%clk
0:13:36]} Ne4 {[%clk 0:11:24]} 14. Ngxe4 {[%clk 0:13:27]} fxe4 {[%clk 0:11:12]}
15. Qh3 {[%clk 0:13:24]} Nc6 {[%clk 0:11:08]} 16. Bb2 {[%clk 0:13:20]} Bd6 {[%clk
0:10:31]} 17. Qe3 {[%clk 0:12:31]} Rf5 {[%clk 0:10:13]} 18. g3 {[%clk 0:12:27]}
Qd7 {[%clk 0:10:01]} 19. Rac1 {[%clk 0:11:56]} Raf8 {[%clk 0:09:57]} 20. c4
{[%clk 0:11:39]} Nb4 {[%clk 0:09:37]} 21. Ba3 {[%clk 0:10:21]} Nd3 {[%clk
0:09:05]} 22. Bxd6 {[%clk 0:09:58]} Qxd6 {[%clk 0:09:02]} 23. Rc3 {[%clk
0:09:50]} Rc8 {[%clk 0:07:04]} 24. a3 {[%clk 0:09:02]} a5 {[%clk 0:06:33]} 25.
Rb1 {[%clk 0:08:21]} Rf7 {[%clk 0:06:27]} 26. Nxe4 {[%clk 0:07:37]} dxe4 {[%clk
0:06:26]} 27. Qxe4 {[%clk 0:07:41]} Nxf4 {[%clk 0:06:23]} 28. gxf4 {[%clk
0:07:27]} Rxf4 {[%clk 0:06:25]} 29. Qe5 {[%clk 0:06:22]} Qxd4+ {[%clk 0:06:26]}
30. Re3 {[%clk 0:06:11]} Qxe5 {[%clk 0:06:14]} 31. Rxe5 {[%clk 0:06:14]} Rc6
{[%clk 0:06:17]} 32. Rd1 {[%clk 0:05:42]} Kf7 {[%clk 0:05:33]} 33. Re3 {[%clk
0:05:22]} a4 {[%clk 0:05:15]} 34. b4 {[%clk 0:04:55]} Rfxc4 {[%clk 0:05:06]} 35.
b5 {[%clk 0:04:40]} Rc1 {[%clk 0:04:50]} 36. bxc6 {[%clk 0:02:53]} Rxd1+ {[%clk
0:04:51]} 37. Kf2 {[%clk 0:02:57]} Rc1 {[%clk 0:04:54]} 38. Re4 {[%clk 0:02:59]}
b5 {[%clk 0:04:42]} 39. Rb4 {[%clk 0:03:00]} Rxc6 {[%clk 0:04:44]} 0-1

[Event "Campeonato de España Rapid 2017"]
[Site "Linares"]
[Date "2017.08.13"]
[Round "9"]
[White "Gines Abad, Pedro"]
[Black "Sos Andreu, Eric"]
[Result "1/2-1/2"]
[Board "26"]
[WhiteElo "1928"]
[WhiteCountry "ESP"]
[WhiteFideId "2206072"]
[WhiteEloChange "8"]
[BlackTitle "IM"]
[BlackElo "2310"]
[BlackCountry "ESP"]
[BlackFideId "22247017"]
[BlackEloChange "-8"]

1. d4 {[%clk 0:15:07]} Nf6 {[%clk 0:15:08]} 2. Nf3 {[%clk 0:15:11]} g6 {[%clk
0:15:11]} 3. c4 {[%clk 0:15:14]} Bg7 {[%clk 0:15:15]} 4. Nc3 {[%clk 0:15:18]} d5
{[%clk 0:15:17]} 5. e3 {[%clk 0:14:56]} O-O {[%clk 0:15:20]} 6. b4 {[%clk
0:14:25]} b6 {[%clk 0:15:22]} 7. Bb2 {[%clk 0:14:03]} Bb7 {[%clk 0:15:22]} 8. c5
{[%clk 0:14:02]} Ne4 {[%clk 0:14:43]} 9. Be2 {[%clk 0:12:39]} f5 {[%clk 0:14:38]}
10. Nxe4 {[%clk 0:11:39]} fxe4 {[%clk 0:14:40]} 11. Ng5 {[%clk 0:11:22]} Bc8
{[%clk 0:14:24]} 12. Bg4 {[%clk 0:11:24]} Bxg4 {[%clk 0:13:35]} 13. Qxg4 {[%clk
0:11:27]} Qd7 {[%clk 0:13:38]} 14. Qe6+ {[%clk 0:10:25]} Qxe6 {[%clk 0:13:39]}
15. Nxe6 {[%clk 0:10:28]} Rc8 {[%clk 0:13:30]} 16. Nxg7 {[%clk 0:05:00]} Kxg7
{[%clk 0:13:32]} 17. f3 {[%clk 0:05:04]} exf3 {[%clk 0:13:30]} 18. gxf3 {[%clk
0:05:07]} Nc6 {[%clk 0:13:28]} 19. b5 {[%clk 0:04:58]} Na5 {[%clk 0:13:30]} 20.
Bc3 {[%clk 0:04:49]} Nc4 {[%clk 0:13:33]} 21. Ke2 {[%clk 0:04:52]} Rf8 {[%clk
0:13:27]} 22. a4 {[%clk 0:04:42]} a6 {[%clk 0:13:09]} 23. Rhb1 {[%clk 0:04:08]}
a5 {[%clk 0:13:11]} 24. Rg1 {[%clk 0:04:06]} Rf5 {[%clk 0:13:09]} 25. e4 {[%clk
0:03:59]} Rh5 {[%clk 0:12:55]} 26. exd5 {[%clk 0:03:02]} Rxh2+ {[%clk 0:12:58]}
27. Kd3 {[%clk 0:03:06]} Nb2+ {[%clk 0:13:01]} 28. Bxb2 {[%clk 0:03:04]} Rxb2
{[%clk 0:13:04]} 29. Rge1 {[%clk 0:02:49]} Kf7 {[%clk 0:12:57]} 30. Re6 {[%clk
0:02:42]} Rb3+ {[%clk 0:12:53]} 31. Kc4 {[%clk 0:02:12]} Rxf3 {[%clk 0:12:47]}
32. Rae1 {[%clk 0:02:14]} Re8 {[%clk 0:12:50]} 33. cxb6 {[%clk 0:01:30]} cxb6
{[%clk 0:12:53]} 34. Rxb6 {[%clk 0:00:55]} Ra3 {[%clk 0:12:56]} 35. Rf1+ {[%clk
0:00:54]} Kg7 {[%clk 0:13:00]} 36. Re1 {[%clk 0:00:22]} Rxa4+ {[%clk 0:13:01]}
37. Kc5 {[%clk 0:00:26]} Ra3 {[%clk 0:12:57]} 38. Rb7 {[%clk 0:00:24]} Rc3+
{[%clk 0:12:40]} 39. Kb6 {[%clk 0:00:27]} Kf6 {[%clk 0:12:25]} 40. Rf1+ {[%clk
0:00:27]} Kg5 {[%clk 0:12:41]} 41. Kxa5 {[%clk 0:00:29]} h5 {[%clk 0:12:41]} 42.
Rf7 {[%clk 0:00:24]} Re3 {[%clk 0:12:38]} 43. b6 {[%clk 0:00:23]} h4 {[%clk
0:12:35]} 44. Rc7 {[%clk 0:00:24]} Kg4 {[%clk 0:11:57]} 45. Rc6 {[%clk 0:00:18]}
g5 {[%clk 0:11:59]} 46. Rg6 {[%clk 0:00:19]} Rd8 {[%clk 0:11:54]} 47. b7 {[%clk
0:00:16]} Rxd5+ {[%clk 0:11:52]} 48. Kb6 {[%clk 0:00:20]} Rb3+ {[%clk 0:11:49]}
49. Kc6 {[%clk 0:00:24]} Rxd4 {[%clk 0:11:48]} 50. Rxe7 {[%clk 0:00:18]} Rc4+
{[%clk 0:11:39]} 51. Kd5 {[%clk 0:00:25]} Rcb4 {[%clk 0:11:43]} 52. Reg7 {[%clk
0:00:16]} Rb5+ {[%clk 0:11:46]} 53. Kc4 {[%clk 0:00:18]} R3b4+ {[%clk 0:11:45]}
54. Kc3 {[%clk 0:00:21]} Rb1 {[%clk 0:11:48]} 55. Kc2 {[%clk 0:00:22]} Rxb7
{[%clk 0:11:20]} 56. Rxg5+ {[%clk 0:00:25]} Kh3 {[%clk 0:11:24]} 57. Rxb7 {[%clk
0:00:12]} Rxb7 {[%clk 0:11:27]} 58. Kd2 {[%clk 0:00:13]} Re7 {[%clk 0:11:30]} 59.
Kd1 {[%clk 0:00:16]} Kh2 {[%clk 0:11:33]} 60. Rg4 {[%clk 0:00:16]} h3 {[%clk
0:11:37]} 61. Kd2 {[%clk 0:00:11]} Kh1 {[%clk 0:11:39]} 62. Rg3 {[%clk 0:00:19]}
h2 {[%clk 0:11:41]} 63. Rg8 {[%clk 0:00:19]} Re6 {[%clk 0:11:30]} 64. Rg7 {[%clk
0:00:22]} Re8 {[%clk 0:11:32]} 65. Rg6 {[%clk 0:00:26]} Ra8 {[%clk 0:11:36]} 66.
Ke2 {[%clk 0:00:21]} Ra1 {[%clk 0:11:35]} 67. Kf2 {[%clk 0:00:25]} Rg1 {[%clk
0:11:35]} 68. Re6 {[%clk 0:00:21]} Rg2+ {[%clk 0:11:38]} 69. Kf1 {[%clk 0:00:22]}
Rg8 {[%clk 0:11:35]} 70. Rf6 {[%clk 0:00:24]} Ra8 {[%clk 0:11:25]} 71. Kf2 {[%clk
0:00:17]} Ra2+ {[%clk 0:11:27]} 72. Kf1 {[%clk 0:00:27]} Ra1+ {[%clk 0:11:31]}
73. Kf2 {[%clk 0:00:31]} Rb1 {[%clk 0:11:26]} 74. Rf8 {[%clk 0:00:33]} Rb2+
{[%clk 0:11:28]} 75. Kf1 {[%clk 0:00:33]} 1/2-1/2

[Event "Campeonato de España Rapid 2017"]
[Site "Linares"]
[Date "2017.08.13"]
[Round "9"]
[White "Guerra Rivera, Salvador"]
[Black "Senlle Caride, Miguel"]
[Result "1-0"]
[Board "27"]
[WhiteTitle "FM"]
[WhiteElo "1918"]
[WhiteCountry "ESP"]
[WhiteFideId "32096542"]
[WhiteEloChange "18"]
[BlackTitle "FM"]
[BlackElo "2298"]
[BlackCountry "ESP"]
[BlackFideId "2282500"]
[BlackEloChange "-18"]

1. e4 {[%clk 0:15:07]} e5 {[%clk 0:15:09]} 2. Nf3 {[%clk 0:15:10]} Nc6 {[%clk
0:15:13]} 3. Bb5 {[%clk 0:15:13]} a6 {[%clk 0:15:16]} 4. Bxc6 {[%clk 0:15:15]}
dxc6 {[%clk 0:15:20]} 5. O-O {[%clk 0:15:18]} Bg4 {[%clk 0:15:23]} 6. h3 {[%clk
0:15:21]} h5 {[%clk 0:15:27]} 7. d3 {[%clk 0:15:24]} Qf6 {[%clk 0:15:31]} 8. Nbd2
{[%clk 0:15:24]} Ne7 {[%clk 0:15:31]} 9. Re1 {[%clk 0:15:26]} Ng6 {[%clk
0:15:34]} 10. d4 {[%clk 0:15:26]} Nf4 {[%clk 0:15:38]} 11. dxe5 {[%clk 0:15:18]}
Qg6 {[%clk 0:15:27]} 12. Nh4 {[%clk 0:15:19]} Bxd1 {[%clk 0:15:23]} 13. Nxg6
{[%clk 0:15:21]} Nxg6 {[%clk 0:15:26]} 14. Rxd1 {[%clk 0:15:24]} O-O-O {[%clk
0:15:13]} 15. e6 {[%clk 0:15:28]} fxe6 {[%clk 0:14:56]} 16. Rf1 {[%clk 0:15:30]}
Nf4 {[%clk 0:10:10]} 17. Nf3 {[%clk 0:14:24]} Ne2+ {[%clk 0:10:14]} 18. Kh1
{[%clk 0:14:12]} Nxc1 {[%clk 0:10:17]} 19. Raxc1 {[%clk 0:14:15]} Be7 {[%clk
0:09:46]} 20. g3 {[%clk 0:11:48]} Bf6 {[%clk 0:08:48]} 21. c3 {[%clk 0:11:05]}
Rd3 {[%clk 0:08:23]} 22. Kg2 {[%clk 0:11:08]} c5 {[%clk 0:08:19]} 23. Rfd1 {[%clk
0:10:08]} Rhd8 {[%clk 0:08:22]} 24. Rxd3 {[%clk 0:09:32]} Rxd3 {[%clk 0:08:26]}
25. Ne1 {[%clk 0:08:42]} Rd2 {[%clk 0:08:01]} 26. Rc2 {[%clk 0:08:45]} Rd1 {[%clk
0:07:50]} 27. Re2 {[%clk 0:08:49]} Kd7 {[%clk 0:05:36]} 28. f4 {[%clk 0:07:32]}
Kc6 {[%clk 0:05:17]} 29. Nf3 {[%clk 0:07:25]} b5 {[%clk 0:04:07]} 30. g4 {[%clk
0:06:30]} hxg4 {[%clk 0:04:04]} 31. hxg4 {[%clk 0:06:33]} b4 {[%clk 0:03:19]} 32.
g5 {[%clk 0:06:08]} Be7 {[%clk 0:03:08]} 33. Ne5+ {[%clk 0:05:55]} Kb5 {[%clk
0:03:08]} 34. c4+ {[%clk 0:05:30]} Ka4 {[%clk 0:02:09]} 35. Ng6 {[%clk 0:05:09]}
Bd8 {[%clk 0:01:58]} 36. e5 {[%clk 0:05:01]} b3 {[%clk 0:00:37]} 37. axb3+ {[%clk
0:04:35]} Kxb3 {[%clk 0:00:42]} 38. Nf8 {[%clk 0:04:38]} Kxc4 {[%clk 0:00:21]}
39. Nxe6 {[%clk 0:04:42]} g6 {[%clk 0:00:26]} 40. Nxd8 {[%clk 0:03:25]} Rxd8
{[%clk 0:00:29]} 41. Kf3 {[%clk 0:03:27]} Kd3 {[%clk 0:00:10]} 42. Re3+ {[%clk
0:03:30]} Kd4 {[%clk 0:00:14]} 43. Re1 {[%clk 0:03:35]} Re8 {[%clk 0:00:06]} 44.
Rd1+ {[%clk 0:03:32]} Kc4 {[%clk 0:00:11]} 45. Ke4 {[%clk 0:03:36]} Re7 {[%clk
0:00:08]} 46. f5 {[%clk 0:03:18]} gxf5+ {[%clk 0:00:12]} 47. Kxf5 {[%clk
0:03:21]} Kb3 {[%clk 0:00:15]} 48. Kf6 {[%clk 0:03:24]} Re8 {[%clk 0:00:19]} 49.
e6 {[%clk 0:03:25]} c4 {[%clk 0:00:17]} 50. Kf7 {[%clk 0:03:25]} Ra8 {[%clk
0:00:18]} 51. e7 {[%clk 0:03:29]} Kxb2 {[%clk 0:00:19]} 52. Rd8 {[%clk 0:03:13]}
c3 {[%clk 0:00:19]} 53. e8Q {[%clk 0:03:15]} Rxd8 {[%clk 0:00:18]} 54. Qxd8
{[%clk 0:03:19]} c2 {[%clk 0:00:21]} 55. Qd2 {[%clk 0:02:58]} c5 {[%clk 0:00:25]}
56. g6 {[%clk 0:02:58]} c4 {[%clk 0:00:29]} 57. Qb4+ {[%clk 0:02:52]} Ka1 {[%clk
0:00:26]} 58. Qxc4 {[%clk 0:02:55]} Kb1 {[%clk 0:00:29]} 59. g7 {[%clk 0:02:47]}
1-0

[Event "Campeonato de España Rapid 2017"]
[Site "Linares"]
[Date "2017.08.13"]
[Round "9"]
[White "Vila Gazquez, Xavier"]
[Black "Perez Cuadrado Robles, Alejandro"]
[Result "1-0"]
[Board "28"]
[WhiteTitle "GM"]
[WhiteElo "2473"]
[WhiteCountry "ESP"]
[WhiteFideId "2261090"]
[WhiteEloChange "1"]
[BlackElo "2001"]
[BlackCountry "ESP"]
[BlackFideId "2244748"]
[BlackEloChange "-2"]

1. e4 {[%clk 0:15:05]} g6 {[%clk 0:15:05]} 2. d4 {[%clk 0:15:05]} c6 {[%clk
0:15:05]} 3. Nc3 {[%clk 0:15:05]} d5 {[%clk 0:15:05]} 4. e5 {[%clk 0:15:05]} h5
{[%clk 0:15:05]} 5. Bg5 {[%clk 0:15:01]} Bg4 {[%clk 0:15:05]} 6. Qd2 {[%clk
0:13:55]} Qb6 {[%clk 0:14:49]} 7. f3 {[%clk 0:13:50]} Bf5 {[%clk 0:14:44]} 8.
O-O-O {[%clk 0:13:01]} Qa5 {[%clk 0:13:11]} 9. Kb1 {[%clk 0:12:16]} Nd7 {[%clk
0:10:39]} 10. Nce2 {[%clk 0:10:00]} Qxd2 {[%clk 0:10:39]} 11. Rxd2 {[%clk
0:10:00]} Rc8 {[%clk 0:08:51]} 12. Nc1 {[%clk 0:09:25]} a6 {[%clk 0:06:41]} 13.
Nge2 {[%clk 0:09:00]} h4 {[%clk 0:05:26]} 14. Nb3 {[%clk 0:06:51]} e6 {[%clk
0:05:14]} 15. a3 {[%clk 0:05:56]} c5 {[%clk 0:04:19]} 16. Nxc5 {[%clk 0:05:41]}
Bxc5 {[%clk 0:02:37]} 17. dxc5 {[%clk 0:05:38]} Nxe5 {[%clk 0:02:42]} 18. Nc3
{[%clk 0:01:02]} Rxc5 {[%clk 0:02:21]} 19. Be3 {[%clk 0:01:02]} Nc4 {[%clk
0:02:05]} 20. Bxc4 {[%clk 0:00:50]} Rxc4 {[%clk 0:02:05]} 21. Bd4 {[%clk
0:00:23]} f6 {[%clk 0:01:48]} 22. b3 {[%clk 0:00:23]} Rc6 {[%clk 0:01:41]} 23.
Kb2 {[%clk 0:00:23]} Kf7 {[%clk 0:01:41]} 24. Bf2 {[%clk 0:00:17]} Ne7 {[%clk
0:01:37]} 25. Ne2 {[%clk 0:00:17]} e5 {[%clk 0:01:32]} 26. Rc1 {[%clk 0:00:09]}
Rhc8 {[%clk 0:01:32]} 27. g4 {[%clk 0:00:09]} hxg3 {[%clk 0:01:08]} 28. hxg3
{[%clk 0:00:03]} d4 {[%clk 0:01:02]} 29. g4 Be6 {[%clk 0:00:05]} 30. c3 dxc3+
{[%clk 0:00:05]} 31. Rxc3 Nd5 {[%clk 0:00:05]} 32. Rcd3 Nf4 {[%clk 0:00:05]} 33.
Nxf4 exf4 {[%clk 0:00:05]} 34. Bd4 Rd6 {[%clk 0:00:05]} 1-0